000 00834nam a2200253Ia 4500
003 OSt
005 20220923225011.0
006 a|||||r|||| 00| 0
007 ta
008 220922b |||||||| |||| 00| 0 hin d
024 _a255,035
037 _cTextual
040 _aARTS
_cARTS
_bhin
041 _2hin
_ahin
082 _aO152,1:g, J4
100 _aश्रीवासतव
245 0 _aहिन्दी मे भरतपुर काव्य गीत काव्य और उसकी परम्परा
246 _aHindī me bharatapur kāvya gīt kāvya aur usakī paramparā
260 _c1954
300 _a196पृ.
_ccm.
650 _aहिन्दी साहित्य
_9156264
942 _hO152,1:g, J4
_cTEXL
_2CC
999 _c375325
_d375325